Kolchakovshchina : Roman-khronika :Iz-za stepnykh uvalov /

Bibliographic Details
Main Author: Dorokhov, Pavel Nikolaevich, 1886-
Format: Book
Language:Russian
Published: Kuĭbyshev : Kuĭbyshevskoe knizhnoe izd-vo, 1981.
Series:Volzhskie prostory
Subjects:

MARC

Tag First Indicator Second Indicator Subfields
LEADER 00000cam a2200000 a 4500
001 in00002003173
005 20151031142927.0
008 821101s1981 ru 000 1 ruso
010 |a  82466587  
015 |a USSR81 
020 |c 1.50rub 
035 |a (OCoLC)ocm08975585 
040 |a DLC  |c DLC  |d OCL  |d TXA  |d UtOrBLW 
049 |a TXAM 
050 0 0 |a PG3476.D65  |b A6 1981 
100 1 |a Dorokhov, Pavel Nikolaevich,  |d 1886- 
245 1 0 |a Kolchakovshchina :  |b Roman-khronika :Iz-za stepnykh uvalov /  |c P. Dorokhov ; [Vstupit. statʹi︠a︡ V. Skobeleva]. 
264 1 |a Kuĭbyshev :  |b Kuĭbyshevskoe knizhnoe izd-vo,  |c 1981. 
300 |a 336 pages ;  |c 21 cm. 
336 |a text  |b txt  |2 rdacontent 
337 |a unmediated  |b n  |2 rdamedia 
338 |a volume  |b nc  |2 rdacarrier 
490 0 |a Volzhskie prostory 
505 0 |a Kolchakovshchina -- Iz-za stepnykh uvalov -- Ani︠u︡tin otpusk. 
651 0 |a Soviet Union  |x History  |y Revolution, 1917-1921  |v Fiction. 
948 |a cataloged  |b h  |c 2004/11/19  |d c  |e tchubaryan  |f 9:06:02 am 
994 |a E0  |b TXA 
999 |a MARS 
999 f f |s 050ecb1f-0c2d-3622-8adf-7c898770d8d1  |i 2c3b4164-0365-3dc2-99c4-0f334295d6c5  |t 0 
952 f f |p ric  |a Texas A&M University  |b Rellis Campus  |c Joint Library Facility  |d Remote Storage  |t 0  |e PG3476.D65 A6 1981  |h Library of Congress classification  |i unmediated -- volume  |m A14831634669 
998 f f |a PG3476.D65 A6 1981  |t 0  |l Remote Storage